书目信息 |
| 题名: |
荷兰
|
|
| 作者: | ;中央电视台《大国崛起》节目组 编著 | |
| 分册: | ||
| 出版信息: | 北京 中国民主法制出版社 2006 |
|
| 页数: | 149页 | |
| 开本: | 24cm | |
| 丛书名: | 大国崛起 | |
| 单 册: | ||
| 中图分类: | K563.09 | |
| 科图分类: | ||
| 主题词: | ||
| 电子资源: | ||
| ISBN: | 7-80219-113-0 | |
| 000 | 00915oam2 2200253 450 | |
| 001 | 010012006099049 | |
| 005 | 20070805093812.09 | |
| 010 | @a7-80219-113-0@dCNY29.00,CNY346.00(全8册) | |
| 100 | @a20070126d2006 em y0chiy0110 ea | |
| 101 | 0 | @achi |
| 102 | @aCN@b110000 | |
| 105 | @aa z 000yy | |
| 200 | 1 | @a荷兰@9he lan@f中央电视台《大国崛起》节目组编著 |
| 210 | @a北京@c中国民主法制出版社@d2006 | |
| 215 | @a149页@c图@d24cm | |
| 225 | 2 | @a大国崛起 |
| 330 | @a全书以荷兰为解读对象,展现了该国在不同时期内完成的强国历程。主要分水患、城市、鲱鱼、王权、战争、自由、扩张、霸权、财神、衰落十个部分。 | |
| 461 | 0 | @12001 @a大国崛起@1701 0@a任学安@4主编 |
| 510 | 1 | @aNetherlands@zeng |
| 607 | @a荷兰@x历史@j通俗读物 | |
| 690 | @aK563.09@v4 | |
| 711 | 02 | @a中央电视台《大国崛起》节目组@9zhong yang dian shi tai《 da guo jue qi》 jie mu zu@4编著 |
| 801 | 0 | @aCN@bRENTIAN@c20070805 |
| 905 | @a10447@dK563.09@e2 | |
| 荷兰/中央电视台《大国崛起》节目组编著.-北京:中国民主法制出版社,2006 |
| 149页:图;24cm.-(大国崛起) |
| ISBN 7-80219-113-0:CNY29.00,CNY346.00(全8册) |
| 全书以荷兰为解读对象,展现了该国在不同时期内完成的强国历程。主要分水患、城市、鲱鱼、王权、战争、自由、扩张、霸权、财神、衰落十个部分。 |
| ● |
| 相关链接 |
|
|
|
|
正题名:荷兰
索取号:K563.09/2
 
预约/预借
| 序号 | 登录号 | 条形码 | 馆藏地/架位号 | 状态 | 备注 |
| 1 | 0807725 | 208077258 | 第二样本阅览室/ [索取号:K563.09/2] | 在馆 | |
| 2 | 0807726 | 208077267 | 第二借阅区/ [索取号:K563.09/2] | 在馆 | |
| 3 | 0807727 | 208077276 | 第二借阅区/ [索取号:K563.09/2] | 在馆 |